000 01104nam a22002537a 4500
001 BRCA_9358
003 FranzMayer
005 20230918122452.0
008 230828b |||||||| |||| 00| 0 eng d
040 _aMFM
_besp
_cMFM
050 0 _aN6502.2
_bI83 1995
110 1 _4Responsable
_aInstituto Cultural Itáu
_929330
240 _aCadernos História da pintura no Brasil. Pintura colonial
_lPortugués
245 0 _aCadernos História da pintura no Brasil. Pintura colonial
260 _aSao Paulo, Brasil
_bInstituoto Cultural Itáu
_c1995
300 _a51 p
_bIlustraciones a color
_c22 cm
500 _aAnexo 1
500 _aEl material ya incluía datos relacionados a la biblioteca, pero no estaba en la base de datos.
505 _aTexto en: portuguésIncluye índice temáticoincluye bibliografíaDirigido a: artistas, estudiantes de arte e historiadores de arte
650 1 _2Artes visuales
_aHistoria
_vLugares particulares
_929331
651 2 _2América Latina
_aépoca colonial
_vPintura colonial
_929332
710 1 _4Col
_aBanco de datos informatizado
_929333
942 _2lcc
_cH
999 _c10980
_d10980